000 00795cab a22002415a 4500
001 L154748
008 120117e20120113xxk 000 0 eng u
035 _a(Sirsi) u154748
041 0 _aeng
100 1 _aRedmond, John
245 0 0 _aPaying the price
260 _c2011
490 0 _aBuilding
_v277 (8710) 13 January 2012, 39(1)
520 _aDiscusses the requirements of the recently changed Construction Act about payment notices which are not easy to understand.
590 _aKA
650 2 4 _aHOUSING GRANTS, CONSTRUCTION AND REGENERATION ACT 1996
650 2 4 _aLOCAL DEMOCRACY, ECONOMIC DEVELOPMENT AND CONSTRUCTION ACT 2009
651 4 _aUnited Kingdom
_y
690 _aConstruction management
_96230
690 _aContracts
_96232
690 _aProcurement-old
942 _n0
999 _c83717
_d83717